| 000 | 01114nmc a2200337 a 4500 | ||
|---|---|---|---|
| 003 | AR-BaBNM | ||
| 005 | 20251128203526.0 | ||
| 008 | 011101s1954 ||||||||||||||000 | spa|| | ||
| 040 | _cAR-BaBNM | ||
| 100 | 1 | _aReula, Filiberto | |
| 245 | 1 | 0 |
_aPedagogía _bel concepto de la pedagogía, el objeto, los postulados, los métodos de investigación, los problemas : el sujeto de la educación, los fines, los medios, los métodos, los agentes |
| 250 | _a1ª ed. | ||
| 260 |
_aParaná _bLlanura _c1954 |
||
| 300 | 0 | _a168 p. | |
| 490 | 0 | _aLa educación y sus problemas | |
| 500 | 0 | _aIndice alfabético al final del libro | |
| 504 | _aBibliografía al final de cada capítulo | ||
| 650 | 4 | _aPEDAGOGIA | |
| 650 | 4 | _aOBJETIVOS EDUCACIONALES | |
| 650 | 4 | _aMEDIOS DE ENSENANZA | |
| 650 | 4 | _aFINALIDADES DE LA EDUCACION | |
| 650 | 4 | _aPAPEL DE LA FAMILIA | |
| 650 | 4 | _aROL DEL DOCENTE | |
| 650 | 4 | _aESTADO Y EDUCACION | |
| 650 | 4 | _aMETODOS DE INVESTIGACION | |
| 653 | 0 | _aPROBLEMAS EDUCATIVOS | |
| 653 | 0 | _aMETODOS EDUCATIVOS | |
| 800 | 1 |
_aReula, Filiberto _edirector |
|
| 942 | _cBK | ||
| 998 | _cCarmen | ||
| 999 |
_c3785 _d3785 |
||